000 00904nam a2200241 a 4500
001 78941
003 BD-RjUL
005 20211209083207.0
008 211130s1994 bg a|||| |||| 00| 0 ben d
020 _a9844012204
_c: Tk. 220.00
035 _a(BD-RjUL)55813
040 _aBD-RjUL
_bben
_cBD-RjUL
041 _aben
082 _223
_a954.92
_bBAU 1994
245 0 0 _aবাঙলাদেশ /
_cমনসুর মুসা সম্পাদিত
250 _aআগামী প্রকাশনী ১ম সং.
260 _aঢাকা :
_bআগামী প্রকাশনী,
_c১৯৯৪
300 _a৩৫২ পৃ. :
_bচিত্র ;
_c২২ সেমি .
651 _aবাংলাদেশ
_xইতিহাস
_9165867
651 _aBangladesh
_xHistory
_9165868
700 _aমুসা, মনসুর, সম্পাদক
_9250864
942 _2ddc
_cBK
999 _c78941
_d78941